| 000 | 00701nam a2200253 a 4500 | ||
|---|---|---|---|
| 001 | 000006442 | ||
| 003 | DO-SdBPM | ||
| 005 | 20250509100724.0 | ||
| 008 | 980916s1998 dr b 000 0 spa | ||
| 040 |
_aDO-SdBPM _bspa _cBPMSU _erda |
||
| 082 | 4 |
_aVe861.44 _bG216p 1998 _222 |
|
| 100 | 1 |
_aGarcía, Rosalina, _d1946- |
|
| 245 | 1 | 0 |
_a Poesía/ _cRosalina García. |
| 260 |
_aSanto Domingo : _b Editorial Gente, _c1998. |
||
| 300 |
_a72 p. ; _c21 cm. |
||
| 490 | 0 | _aEspacios culturales | |
| 500 | _a | ||
| 504 | _a | ||
| 590 | _aInventariado, 2025/VM | ||
| 650 | 4 | _aPoesía venezolana | |
| 650 | 4 | _aLiteratura venezolana | |
| 910 | _aVMateo V. Control de calidad. BPMSU | ||
| 942 |
_2ddc _cBK |
||
| 999 |
_c15046 _d15046 |
||